000 00629cam a22002052 4500
001 0000004693
005 20151217151938.0
008 070528s xx 000 0 eng d
020 _a0851995438 :
_cGBP 50.00
040 _aKABU
_cKABU
050 0 _aQK615.7
_b.T76
245 1 0 _aTropical mycology :
_bvolume 2, micomycetes /
_ced. by Roy Watling ... [et al.]
260 _aWallingford, England :
_bCABI,
_c2002.
300 _axiv, 203 p.
650 0 _aFungi
_xTropics
_xCongresses.
_@0000155397
700 1 _aWatling, Roy.
_@0000155398
908 _a070528
950 _@1
999 _c6596
_d6596